[Event "World Chess Olympiad 2018"]
[Site "Batumi"]
[Date "2018.10.01"]
[Round "7"]
[Board "1"]
[WhiteFideId "16000013"]
[White "Murara Maxence"]
[BlackFideId "21200149"]
[Black "Ephoevi-Ga Adama Mawulikplimi"]
[Result "0-1"]
[LiveChessVersion "1.4.8"]
[BlackElo "1848"]
[WhiteElo "1789"]

1. d4 {[%clk 1:30:56]} d5 {[%clk 1:30:51]} 2. Bf4 {[%clk 1:30:34]} Bf5
{[%clk 1:29:02]} 3. Nf3 {[%clk 1:29:23]} Nf6 {[%clk 1:28:54]} 4. h3
{[%clk 1:29:20]} e6 {[%clk 1:27:36]} 5. Nbd2 {[%clk 1:25:05]} c5 {[%clk 1:24:54]}
6. e3 {[%clk 1:24:58]} Nc6 {[%clk 1:23:57]} 7. Nh4 {[%clk 1:19:18]} cxd4
{[%clk 1:19:25]} 8. Nxf5 {[%clk 1:17:52]} exf5 {[%clk 1:19:39]} 9. exd4
{[%clk 1:16:48]} Qe7+ {[%clk 1:12:12]} 10. Be5 {[%clk 1:10:23]} Nxd4
{[%clk 1:06:12]} 11. f4 {[%clk 1:08:22]} Nd7 {[%clk 1:03:10]} 12. Nf3
{[%clk 0:59:58]} Nxf3+ {[%clk 1:01:40]} 13. Qxf3 {[%clk 0:59:54]} f6
{[%clk 1:01:03]} 14. O-O-O {[%clk 0:59:00]} fxe5 {[%clk 1:00:53]} 15. fxe5
{[%clk 0:52:23]} O-O-O {[%clk 0:55:38]} 16. Rxd5 {[%clk 0:47:33]} g6
{[%clk 0:40:56]} 17. Bb5 {[%clk 0:35:55]} Bh6+ {[%clk 0:37:48]} 18. Kb1
{[%clk 0:35:27]} Kb8 {[%clk 0:34:34]} 19. Qc3 Nb6 {[%clk 0:30:27]} 20. Rd6
{[%clk 0:27:20]} Nc8 {[%clk 0:21:25]} 21. Rxd8 {[%clk 0:20:20]} Rxd8
{[%clk 0:21:16]} 22. Bd3 {[%clk 0:18:14]} Be3 {[%clk 0:16:54]} 23. Re1
{[%clk 0:15:47]} f4 {[%clk 0:17:00]} 24. a4 {[%clk 0:12:31]} Qc7 {[%clk 0:14:30]}
25. Qxc7+ {[%clk 0:06:01]} Kxc7 {[%clk 0:14:54]} 26. Bc4 {[%clk 0:05:35]} Nb6
{[%clk 0:12:58]} 27. Bf7 {[%clk 0:04:00]} Nxa4 {[%clk 0:10:46]} 28. Re2
{[%clk 0:03:33]} Rd2 {[%clk 0:10:04]} 29. Rxd2 {[%clk 0:03:33]} Bxd2
{[%clk 0:10:25]} 30. c3 {[%clk 0:03:51]} Nc5 {[%clk 0:10:07]} 31. Kc2
{[%clk 0:04:11]} Be3 {[%clk 0:09:11]} 32. b4 {[%clk 0:04:09]} Nd7
{[%clk 0:08:52]} 33. e6 {[%clk 0:04:20]} Nf6 {[%clk 0:08:06]} 34. Kd3
{[%clk 0:02:58]} Kd6 {[%clk 0:08:13]} 35. c4 {[%clk 0:02:05]} Ke7
{[%clk 0:07:20]} 36. g3 {[%clk 0:01:53]} g5 {[%clk 0:07:02]} 37. Ke2
{[%clk 0:01:29]} Ne4 {[%clk 0:06:18]} 38. gxf4 {[%clk 0:01:37]} gxf4
{[%clk 0:06:12]} 39. h4 {[%clk 0:01:29]} Nd6 {[%clk 0:06:10]} 40. Bg8
{[%clk 0:31:12]} h6 {[%clk 0:34:46]} 41. Kd3 {[%clk 0:31:27]} Nf5
{[%clk 0:33:54]} 42. h5 {[%clk 0:26:26]} Ng7 {[%clk 0:33:48]} 43. Bf7
{[%clk 0:23:54]} Nxe6 {[%clk 0:33:57]} 44. Bg6 {[%clk 0:23:35]} b6
{[%clk 0:32:46]} 45. Be4 {[%clk 0:22:03]} a5 {[%clk 0:32:08]} 46. Kc3
{[%clk 0:19:07]} axb4+ {[%clk 0:32:14]} 47. Kxb4 {[%clk 0:19:03]} Ng5
{[%clk 0:32:28]} 48. Bd3 {[%clk 0:18:20]} f3 {[%clk 0:32:29]} 49. Kc3
{[%clk 0:16:58]} f2 {[%clk 0:32:15]} 50. Bf1 {[%clk 0:13:16]} Kd6
{[%clk 0:31:13]} 51. Kd3 {[%clk 0:13:22]} Bc5 {[%clk 0:31:19]} 52. Bg2
{[%clk 0:09:07]} Ke5 {[%clk 0:31:32]} 53. Ke2 {[%clk 0:07:24]} Kf4
{[%clk 0:31:30]} 54. Bc6 {[%clk 0:07:29]} Ne4 {[%clk 0:30:41]} 0-1

[Event "World Chess Olympiad 2018"]
[Site "Batumi"]
[Date "2018.10.01"]
[Round "7"]
[Board "2"]
[WhiteFideId "21200017"]
[White "Amewounou Komlan Kouessan"]
[BlackFideId "16000480"]
[Black "Nzabanita Joseph"]
[Result "1-0"]
[LiveChessVersion "1.4.8"]
[BlackElo "1849"]
[WhiteElo "1758"]

1. e4 {[%clk 1:30:22]} e6 {[%clk 1:30:38]} 2. d4 {[%clk 1:30:14]} d5
{[%clk 1:30:56]} 3. Nc3 {[%clk 1:26:09]} Nf6 {[%clk 1:29:58]} 4. e5
{[%clk 1:24:07]} Nfd7 {[%clk 1:30:12]} 5. Nf3 {[%clk 1:23:39]} c5
{[%clk 1:30:17]} 6. Bb5 {[%clk 1:19:51]} Nc6 {[%clk 1:29:53]} 7. O-O
{[%clk 1:19:26]} a6 {[%clk 1:28:59]} 8. Bxc6 {[%clk 1:17:47]} bxc6
{[%clk 1:29:11]} 9. Ng5 {[%clk 1:08:44]} h6 {[%clk 1:28:13]} 10. Nxe6
{[%clk 0:50:39]} fxe6 {[%clk 1:26:03]} 11. Qh5+ {[%clk 0:50:50]} Ke7
{[%clk 1:25:43]} 12. Bg5+ {[%clk 0:50:37]} hxg5 {[%clk 1:26:10]} 13. Qxh8
{[%clk 0:50:48]} cxd4 {[%clk 1:24:12]} 14. Ne2 {[%clk 0:50:34]} c5
{[%clk 1:22:37]} 15. Qh5 {[%clk 0:50:06]} Nb6 {[%clk 1:19:10]} 16. f4
{[%clk 0:48:22]} g4 {[%clk 1:18:39]} 17. f5 {[%clk 0:46:59]} exf5
{[%clk 1:17:05]} 18. Nf4 {[%clk 0:47:05]} Qe8 {[%clk 1:16:46]} 19. Qg5+
{[%clk 0:35:08]} Kd7 {[%clk 1:16:25]} 20. e6+ {[%clk 0:29:58]} Kc6
{[%clk 1:14:45]} 21. Qxf5 {[%clk 0:30:12]} Bd6 {[%clk 1:14:22]} 22. Qf7
{[%clk 0:23:03]} Qe7 {[%clk 1:10:58]} 23. Rae1 {[%clk 0:20:57]} Ra7
{[%clk 1:10:36]} 24. Ng6 {[%clk 0:20:23]} Qxf7 {[%clk 1:06:19]} 25. exf7
{[%clk 0:18:13]} Nc4 {[%clk 1:02:17]} 26. f8=Q {[%clk 0:17:20]} Bxf8
{[%clk 1:01:32]} 27. Rxf8 {[%clk 0:16:52]} Bd7 {[%clk 0:59:39]} 28. Rf7
{[%clk 0:15:13]} Ne3 {[%clk 0:58:09]} 29. Rxg7 {[%clk 0:15:00]} Rb7
{[%clk 0:57:51]} 30. b3 {[%clk 0:12:23]} Kd6 {[%clk 0:57:19]} 31. Nf8
{[%clk 0:11:23]} Nxc2 {[%clk 0:55:46]} 32. Ree7 {[%clk 0:11:12]} d3
{[%clk 0:55:15]} 33. Rxd7+ {[%clk 0:06:10]} Rxd7 {[%clk 0:51:03]} 34. Rxd7+
{[%clk 0:06:33]} Kc6 {[%clk 0:49:16]} 35. Kf2 {[%clk 0:06:58]} c4
{[%clk 0:48:11]} 36. Rd8 {[%clk 0:05:48]} Nb4 {[%clk 0:44:09]} 37. bxc4
{[%clk 0:04:27]} dxc4 38. Rc8+ Kb5 {[%clk 0:41:18]} 39. a4+ {[%clk 0:04:29]} Kxa4
40. Rxc4 Kb3 {[%clk 0:39:49]} 41. Rxg4 {[%clk 0:01:02]} a5 {[%clk 0:39:48]} 42.
Nd7 {[%clk 0:31:16]} Kc3 {[%clk 1:06:31]} 43. Nc5 {[%clk 0:29:23]} d2
{[%clk 1:05:17]} 44. Ke2 {[%clk 0:29:48]} Nd5 {[%clk 1:02:52]} 45. Ne4+
{[%clk 0:28:10]} Kc2 {[%clk 1:01:23]} 46. Nxd2 {[%clk 0:28:35]} Nc3+
{[%clk 1:00:56]} 47. Ke1 {[%clk 0:28:48]} a4 {[%clk 1:00:49]} 48. Nc4
{[%clk 0:27:48]} Kb3 {[%clk 0:59:02]} 49. h4 1-0

[Event "World Chess Olympiad 2018"]
[Site "Batumi"]
[Date "2018.10.01"]
[Round "7"]
[Board "3"]
[WhiteFideId "16000145"]
[White "Murara Urwintwari Ian"]
[BlackFideId "21200254"]
[Black "Numatsi Yawotsu Dzigba"]
[Result "0-1"]
[LiveChessVersion "1.4.8"]
[BlackElo "1661"]
[WhiteElo "1677"]

1. d4 {[%clk 1:30:52]} d5 {[%clk 1:30:30]} 2. c4 {[%clk 1:31:08]} e6
{[%clk 1:27:07]} 3. Nc3 {[%clk 1:30:45]} Nf6 {[%clk 1:23:52]} 4. Nf3
{[%clk 1:30:15]} Be7 {[%clk 1:19:43]} 5. Bf4 {[%clk 1:28:42]} c5 {[%clk 1:15:30]}
6. e3 {[%clk 1:27:09]} Nh5 {[%clk 1:09:46]} 7. Bg3 {[%clk 1:22:21]} Nxg3
{[%clk 1:09:38]} 8. hxg3 {[%clk 1:22:48]} cxd4 {[%clk 1:06:17]} 9. exd4
{[%clk 1:23:04]} dxc4 {[%clk 1:06:14]} 10. Bxc4 {[%clk 1:23:26]} Bf6
{[%clk 0:55:41]} 11. Bb5+ {[%clk 1:10:14]} Bd7 {[%clk 0:50:07]} 12. Bxd7+
{[%clk 1:02:18]} Nxd7 {[%clk 0:41:51]} 13. Qc2 {[%clk 1:01:45]} h6
{[%clk 0:41:25]} 14. Rd1 {[%clk 1:00:23]} Qa5 {[%clk 0:38:21]} 15. a3
{[%clk 0:54:41]} O-O {[%clk 0:33:02]} 16. g4 {[%clk 0:51:31]} Rfc8
{[%clk 0:25:00]} 17. Rh5 {[%clk 0:47:20]} Qb6 {[%clk 0:18:43]} 18. g5
{[%clk 0:46:07]} hxg5 {[%clk 0:14:33]} 19. Ne5 {[%clk 0:29:05]} Nxe5
{[%clk 0:04:25]} 20. dxe5 {[%clk 0:29:30]} g6 {[%clk 0:04:47]} 21. exf6
{[%clk 0:25:44]} gxh5 {[%clk 0:04:53]} 22. Qd2 {[%clk 0:26:07]} Rc5
{[%clk 0:03:47]} 23. Ne4 {[%clk 0:23:08]} Rd5 {[%clk 0:03:49]} 24. Qc2
{[%clk 0:22:06]} Rxd1+ {[%clk 0:04:10]} 25. Qxd1 {[%clk 0:22:30]} Qa5+
{[%clk 0:02:10]} 26. Kf1 {[%clk 0:22:20]} Qd5 {[%clk 0:01:20]} 27. Qe2
{[%clk 0:22:04]} Rc8 {[%clk 0:01:39]} 28. Nc3 {[%clk 0:20:19]} Qf5
{[%clk 0:01:29]} 29. Qxh5 {[%clk 0:20:31]} Qxf6 {[%clk 0:01:40]} 30. Qg4
{[%clk 0:19:51]} Kf8 {[%clk 0:01:50]} 31. Qb4+ {[%clk 0:18:22]} Qe7
{[%clk 0:04:19]} 32. Qd4 {[%clk 0:18:22]} f6 {[%clk 0:04:23]} 33. Qxa7
{[%clk 0:18:26]} Rc7 {[%clk 0:04:09]} 34. Qe3 {[%clk 0:17:48]} Kf7
{[%clk 0:04:20]} 35. Qh3 {[%clk 0:16:49]} Kg6 {[%clk 0:04:13]} 36. g4
{[%clk 0:16:33]} Kg7 {[%clk 0:04:18]} 37. Qe3 {[%clk 0:16:36]} Rc5
{[%clk 0:02:42]} 38. Kg2 {[%clk 0:15:45]} Re5 {[%clk 0:02:18]} 39. Qd3
{[%clk 0:15:23]} Qc7 {[%clk 0:02:18]} 40. Nb5 {[%clk 0:44:56]} 0-1

[Event "World Chess Olympiad 2018"]
[Site "Batumi"]
[Date "2018.10.01"]
[Round "7"]
[Board "4"]
[WhiteFideId "21200742"]
[White "Kolani-Banake Sopague"]
[BlackFideId "16000072"]
[Black "Niyibizi Alain Patience"]
[Result "1/2-1/2"]
[LiveChessVersion "1.4.8"]
[BlackElo "1756"]
[WhiteElo "1635"]

1. d4 {[%clk 1:30:57]} Nf6 {[%clk 1:30:52]} 2. c4 {[%clk 1:31:20]} e6
{[%clk 1:31:15]} 3. Nc3 {[%clk 1:31:45]} Bb4 {[%clk 1:31:36]} 4. Bg5
{[%clk 1:28:03]} d5 {[%clk 1:29:23]} 5. e3 {[%clk 1:24:26]} c5 {[%clk 1:24:59]}
6. a3 {[%clk 1:21:36]} Bxc3+ {[%clk 1:21:53]} 7. bxc3 {[%clk 1:21:58]} O-O 8. Nf3
{[%clk 1:22:14]} Nbd7 {[%clk 1:19:57]} 9. Bd3 {[%clk 1:22:19]} Qa5
{[%clk 1:14:25]} 10. Qc2 {[%clk 1:20:13]} dxc4 {[%clk 1:12:31]} 11. Bxc4
{[%clk 1:15:02]} Ne4 {[%clk 1:07:22]} 12. O-O {[%clk 1:15:02]} Qxc3
{[%clk 0:54:22]} 13. Qxe4 {[%clk 1:10:22]} Qxc4 {[%clk 0:54:35]} 14. Rfc1
{[%clk 1:10:19]} Qd5 {[%clk 0:44:30]} 15. Qxd5 {[%clk 1:04:40]} exd5
{[%clk 0:44:48]} 16. Be7 {[%clk 1:05:06]} Re8 {[%clk 0:44:39]} 17. Bxc5
{[%clk 1:05:29]} Nf6 {[%clk 0:44:03]} 18. a4 {[%clk 0:54:35]} b6 {[%clk 0:43:49]}
19. Bd6 {[%clk 0:53:45]} Be6 {[%clk 0:40:15]} 20. Rc7 {[%clk 0:43:39]} Rec8
{[%clk 0:37:48]} 21. Rac1 {[%clk 0:42:04]} Rxc7 {[%clk 0:34:06]} 22. Rxc7
{[%clk 0:41:39]} Rc8 {[%clk 0:34:09]} 23. Ne5 {[%clk 0:38:05]} Rxc7
{[%clk 0:27:33]} 24. Bxc7 {[%clk 0:38:26]} Ne8 {[%clk 0:27:42]} 25. Bb8
{[%clk 0:38:12]} a6 {[%clk 0:27:33]} 26. Ba7 {[%clk 0:37:28]} b5 {[%clk 0:27:38]}
27. axb5 {[%clk 0:37:14]} axb5 {[%clk 0:27:54]} 28. Nc6 {[%clk 0:37:10]} f6
{[%clk 0:25:48]} 29. Bc5 {[%clk 0:35:17]} Nc7 {[%clk 0:23:20]} 30. Nb4
{[%clk 0:33:49]} Kf7 {[%clk 0:20:50]} 31. Kf1 {[%clk 0:33:41]} Bc8
{[%clk 0:18:06]} 32. Ke2 {[%clk 0:32:36]} Ke6 33. f3 {[%clk 0:31:53]} Na6
{[%clk 0:15:57]} 34. Nxa6 {[%clk 0:32:00]} Bxa6 {[%clk 0:16:21]} 35. Bb4
{[%clk 0:32:24]} h5 {[%clk 0:15:18]} 36. h4 {[%clk 0:28:32]} Kf5 {[%clk 0:11:09]}
37. Kd3 {[%clk 0:26:17]} Ke6 {[%clk 0:07:02]} 1/2-1/2

[Event "World Chess Olympiad 2018"]
[Site "Batumi"]
[Date "2018.10.01"]
[Round "7"]
[Board "1"]
[WhiteFideId "22400052"]
[White "Gadeanang Andrew"]
[BlackFideId "31900232"]
[Black "Guterres Luis"]
[Result "1/2-1/2"]
[LiveChessVersion "1.4.8"]
[BlackElo "1779"]
[WhiteElo "1551"]

1. d4 {[%clk 1:30:49]} Nf6 {[%clk 1:30:23]} 2. c4 {[%clk 1:31:09]} d5
{[%clk 1:30:08]} 3. Nc3 {[%clk 1:30:59]} e6 {[%clk 1:30:04]} 4. e3
{[%clk 1:31:01]} Be7 {[%clk 1:29:57]} 5. Bd3 {[%clk 1:31:14]} c6 {[%clk 1:27:50]}
6. Nf3 {[%clk 1:31:18]} Bd7 {[%clk 1:26:55]} 7. Ne5 {[%clk 1:29:27]} Bb4
{[%clk 1:25:29]} 8. O-O {[%clk 1:28:59]} Bxc3 {[%clk 1:25:35]} 9. bxc3
{[%clk 1:29:22]} O-O {[%clk 1:25:12]} 10. f4 {[%clk 1:27:24]} g6 {[%clk 1:24:40]}
11. Rf3 {[%clk 1:27:08]} Ne4 12. Ba3 Re8 {[%clk 1:22:02]} 13. Bxe4
{[%clk 1:23:25]} dxe4 {[%clk 1:21:53]} 14. Rg3 {[%clk 1:23:13]} Qf6
{[%clk 1:18:36]} 15. Bd6 {[%clk 1:22:53]} Qg7 {[%clk 1:11:27]} 16. c5
{[%clk 1:22:38]} f6 {[%clk 1:11:26]} 17. Ng4 {[%clk 1:22:12]} h5 {[%clk 1:08:39]}
18. Nf2 {[%clk 1:22:12]} f5 {[%clk 1:08:46]} 19. Be5 {[%clk 1:22:22]} Qh7
{[%clk 1:08:37]} 20. Rh3 {[%clk 1:21:01]} Kf7 {[%clk 0:58:39]} 21. g4
{[%clk 1:20:45]} Rg8 {[%clk 0:58:42]} 22. Kf1 {[%clk 1:18:36]} Be8
{[%clk 0:57:45]} 23. Qb3 {[%clk 1:17:59]} Nd7 {[%clk 0:54:24]} 24. Ke2
{[%clk 1:17:12]} b6 {[%clk 0:54:18]} 25. Rg1 {[%clk 1:16:49]} Nxe5
{[%clk 0:53:35]} 26. fxe5 b5 27. gxh5 {[%clk 1:12:09]} gxh5 {[%clk 0:51:14]} 28.
Rxg8 {[%clk 1:12:26]} Qxg8 {[%clk 0:51:11]} 29. Rg3 {[%clk 1:12:47]} Qh8
{[%clk 0:48:49]} 30. Rg5 {[%clk 1:12:43]} Bd7 {[%clk 0:48:19]} 31. h4
{[%clk 1:12:35]} Ke7 {[%clk 0:46:37]} 32. Nh3 {[%clk 1:12:51]} Rg8
{[%clk 0:46:49]} 33. Qa3 {[%clk 1:12:46]} Rxg5 {[%clk 0:46:35]} 34. Nxg5
{[%clk 1:12:56]} Qb8 {[%clk 0:45:38]} 35. Kd2 {[%clk 1:12:58]} Qb7
{[%clk 0:45:01]} 36. Qb4 {[%clk 1:11:25]} Qc7 {[%clk 0:44:55]} 37. a3
{[%clk 1:10:07]} a5 {[%clk 0:45:03]} 38. Qb3 {[%clk 1:10:21]} a4 {[%clk 0:45:04]}
39. Qd1 Be8 40. Qg1 {[%clk 1:09:36]} Qd7 {[%clk 0:43:58]} 41. Nh3
{[%clk 1:09:00]} Qd5 {[%clk 0:42:56]} 42. Qb1 {[%clk 1:09:09]} Qc4
{[%clk 0:40:52]} 43. Nf4 {[%clk 1:38:25]} Bf7 {[%clk 1:10:34]} 44. Ne2
{[%clk 1:37:57]} Kd7 {[%clk 1:09:57]} 45. Nf4 {[%clk 1:37:16]} Ke7
{[%clk 1:09:39]} 46. Ne2 {[%clk 1:37:24]} 1/2-1/2

[Event "World Chess Olympiad 2018"]
[Site "Batumi"]
[Date "2018.10.01"]
[Round "7"]
[Board "2"]
[WhiteFideId "31900097"]
[White "Fernandes Tomas"]
[BlackFideId "22400117"]
[Black "Taleka Jed Selu"]
[Result "0-1"]
[LiveChessVersion "1.4.8"]
[BlackElo "1723"]
[WhiteElo "1627"]

1. e4 {[%clk 1:30:54]} e6 {[%clk 1:30:54]} 2. Nf3 {[%clk 1:31:11]} d5
{[%clk 1:31:12]} 3. exd5 {[%clk 1:31:09]} exd5 {[%clk 1:31:35]} 4. d4
{[%clk 1:31:17]} Nf6 {[%clk 1:31:59]} 5. Bd3 {[%clk 1:31:28]} Bg4
{[%clk 1:31:54]} 6. Be2 {[%clk 1:31:33]} Bd6 {[%clk 1:32:08]} 7. O-O
{[%clk 1:30:51]} O-O {[%clk 1:32:12]} 8. Re1 {[%clk 1:31:20]} c6 {[%clk 1:31:22]}
9. Nbd2 {[%clk 1:30:06]} Qc7 {[%clk 1:31:39]} 10. Nf1 {[%clk 1:30:23]} Nbd7
{[%clk 1:31:52]} 11. Bg5 {[%clk 1:30:28]} Rfe8 {[%clk 1:31:02]} 12. Bxf6
{[%clk 1:27:33]} Nxf6 {[%clk 1:31:19]} 13. Rc1 {[%clk 1:27:42]} Re7
{[%clk 1:31:41]} 14. c4 {[%clk 1:27:46]} Bb4 {[%clk 1:31:24]} 15. N1d2
{[%clk 1:26:49]} Rae8 {[%clk 1:31:38]} 16. a3 {[%clk 1:26:43]} Bxf3
{[%clk 1:30:25]} 17. gxf3 {[%clk 1:27:09]} Bd6 {[%clk 1:30:36]} 18. Nf1
{[%clk 1:27:13]} Nh5 {[%clk 1:30:53]} 19. c5 {[%clk 1:26:57]} Bf4
{[%clk 1:30:59]} 20. Rc2 {[%clk 1:26:36]} Qd7 {[%clk 1:30:39]} 21. Qd3
{[%clk 1:23:46]} Qh3 {[%clk 1:30:25]} 22. Ng3 {[%clk 1:23:03]} Re6
{[%clk 1:28:48]} 23. Qf5 {[%clk 1:22:40]} Qxf5 {[%clk 1:21:05]} 24. Nxf5
{[%clk 1:23:07]} g6 {[%clk 1:20:25]} 25. Ng3 {[%clk 1:23:16]} Nf6
{[%clk 1:20:17]} 26. Kf1 {[%clk 1:22:06]} h5 {[%clk 1:20:30]} 27. h4
{[%clk 1:22:11]} Kh7 {[%clk 1:18:19]} 28. Rb1 {[%clk 1:22:18]} Kh6
{[%clk 1:18:21]} 29. b4 {[%clk 1:22:13]} a6 {[%clk 1:18:29]} 30. Bd3
{[%clk 1:22:25]} Bxg3 {[%clk 1:18:31]} 31. fxg3 {[%clk 1:22:51]} Re3
{[%clk 1:18:35]} 32. Be2 {[%clk 1:21:44]} Rxa3 {[%clk 1:18:38]} 33. Kf2
{[%clk 1:21:34]} Ree3 {[%clk 1:18:54]} 34. Rcb2 {[%clk 1:21:20]} Nh7
{[%clk 1:18:33]} 35. Rg1 {[%clk 1:21:28]} f5 {[%clk 1:17:21]} 36. Rg2
{[%clk 1:21:16]} Nf6 {[%clk 1:17:34]} 37. Rg1 {[%clk 1:21:25]} Ne8
{[%clk 1:17:04]} 38. g4 {[%clk 1:20:04]} fxg4 {[%clk 1:14:44]} 39. fxg4
{[%clk 1:50:32]} hxg4 {[%clk 1:44:30]} 40. Rxg4 {[%clk 1:51:01]} Nf6
{[%clk 1:44:38]} 41. Rf4 {[%clk 1:50:34]} Ne4+ {[%clk 1:43:41]} 42. Kg2
{[%clk 1:50:44]} Rab3 {[%clk 1:43:04]} 43. Rc2 {[%clk 1:48:54]} Rxb4
{[%clk 1:42:56]} 44. Bf3 {[%clk 1:48:26]} Rxd4 {[%clk 1:42:42]} 45. Rb2 Rd2+ 46.
Rxd2 {[%clk 1:48:15]} Nxd2 {[%clk 1:42:50]} 47. Bd1 {[%clk 1:48:33]} Ne4
{[%clk 1:42:06]} 48. Rf7 {[%clk 1:48:51]} Nxc5 {[%clk 1:42:04]} 49. Rf6
{[%clk 1:47:18]} a5 {[%clk 1:42:28]} 50. h5 {[%clk 1:47:40]} Rg3+
{[%clk 1:42:00]} 51. Kh2 {[%clk 1:48:00]} Rg5 {[%clk 1:42:13]} 52. hxg6
{[%clk 1:48:18]} Rxg6 {[%clk 1:42:06]} 53. Rf7 {[%clk 1:48:11]} d4
{[%clk 1:42:03]} 54. Kh3 {[%clk 1:48:37]} a4 {[%clk 1:41:53]} 55. Rf8
{[%clk 1:48:19]} d3 {[%clk 1:41:52]} 56. Rf5 {[%clk 1:48:38]} b6 {[%clk 1:42:00]}
57. Kh4 {[%clk 1:49:01]} a3 {[%clk 1:40:46]} 58. Rf2 {[%clk 1:49:27]} b5
{[%clk 1:40:16]} 59. Rf7 {[%clk 1:49:15]} a2 {[%clk 1:40:18]} 60. Ra7
{[%clk 1:49:36]} Na4 {[%clk 1:40:22]} 0-1

[Event "World Chess Olympiad 2018"]
[Site "Batumi"]
[Date "2018.10.01"]
[Round "7"]
[Board "3"]
[WhiteFideId "22400010"]
[White "Dube Rene"]
[BlackFideId "31900291"]
[Black "dos Reis Tito"]
[Result "1-0"]
[LiveChessVersion "1.4.8"]
[BlackElo "1627"]
[WhiteElo "1743"]

1. e4 e5 2. Nf3 {[%clk 1:30:06]} Nc6 {[%clk 1:30:32]} 3. d4 {[%clk 1:30:16]} exd4
{[%clk 1:30:20]} 4. Bc4 {[%clk 1:30:29]} h6 {[%clk 1:28:27]} 5. O-O
{[%clk 1:30:38]} Bc5 {[%clk 1:27:55]} 6. c3 {[%clk 1:30:09]} dxc3
{[%clk 1:27:46]} 7. Bxf7+ {[%clk 1:30:08]} Kf8 {[%clk 1:26:15]} 8. Nxc3
{[%clk 1:27:52]} d6 {[%clk 1:25:38]} 9. Bb3 {[%clk 1:26:46]} Bg4 {[%clk 1:25:46]}
10. h3 {[%clk 1:23:39]} Bh5 {[%clk 1:25:57]} 11. Qd5 {[%clk 1:22:38]} Nf6
{[%clk 1:25:19]} 12. Qd3 {[%clk 1:19:44]} a6 {[%clk 1:21:35]} 13. Nd5
{[%clk 1:18:57]} Bg6 {[%clk 1:18:59]} 14. Nxf6 {[%clk 1:17:02]} Qxf6
{[%clk 1:18:26]} 15. Be3 {[%clk 1:14:19]} Bf7 {[%clk 1:15:21]} 16. Bxf7
{[%clk 1:08:00]} Qxf7 {[%clk 1:15:08]} 17. a3 {[%clk 1:05:12]} Rd8
{[%clk 1:13:22]} 18. Rac1 {[%clk 1:04:15]} Ba7 {[%clk 1:12:39]} 19. Rxc6
{[%clk 1:03:14]} Bxe3 {[%clk 1:11:37]} 20. fxe3 {[%clk 1:03:03]} Ke8
{[%clk 1:09:52]} 21. Rcc1 {[%clk 1:02:09]} Qe7 {[%clk 1:09:26]} 22. Nd4
{[%clk 1:01:51]} g6 {[%clk 1:09:00]} 23. e5 {[%clk 0:58:36]} Rg8 {[%clk 1:07:24]}
24. Qb3 {[%clk 0:53:34]} Rg7 {[%clk 1:05:39]} 25. e6 {[%clk 0:49:14]} c5
{[%clk 1:04:20]} 26. Qa4+ {[%clk 0:49:01]} b5 {[%clk 1:03:25]} 27. Nxb5
{[%clk 0:49:20]} Qg5 {[%clk 1:00:35]} 28. Nxd6+ {[%clk 0:42:28]} Ke7
{[%clk 1:00:40]} 29. Nc4 {[%clk 0:42:22]} Rd2 {[%clk 0:57:18]} 30. Nxd2
{[%clk 0:41:21]} Qxe3+ {[%clk 0:57:26]} 31. Kh1 {[%clk 0:40:45]} Qxd2
{[%clk 0:57:46]} 32. Rcd1 {[%clk 0:41:01]} Qxd1 {[%clk 0:55:13]} 33. Rxd1
{[%clk 0:40:35]} Kxe6 34. Qxa6+ Kf5 {[%clk 0:54:42]} 35. Re1 {[%clk 0:40:14]} 1-0

[Event "World Chess Olympiad 2018"]
[Site "Batumi"]
[Date "2018.10.01"]
[Round "7"]
[Board "1"]
[WhiteFideId "6800068"]
[White "McTigue James"]
[BlackFideId "9800336"]
[Black "Pillay Harish"]
[Result "1-0"]
[LiveChessVersion "1.4.8"]
[BlackElo "1250"]
[WhiteElo "2116"]

1. d4 {[%clk 1:30:54]} d5 {[%clk 1:30:45]} 2. Bf4 {[%clk 1:31:10]} g6
{[%clk 1:30:16]} 3. Nf3 {[%clk 1:30:47]} Bg7 {[%clk 1:29:51]} 4. e3
{[%clk 1:30:53]} Bf5 {[%clk 1:29:32]} 5. c4 {[%clk 1:28:44]} e6 {[%clk 1:29:17]}
6. Nc3 {[%clk 1:28:44]} Nf6 {[%clk 1:28:00]} 7. h3 {[%clk 1:27:20]} h5
{[%clk 1:27:53]} 8. Qb3 {[%clk 1:21:19]} b6 {[%clk 1:26:25]} 9. Nb5
{[%clk 1:17:54]} Nc6 {[%clk 1:13:55]} 10. Nxc7+ {[%clk 1:16:22]} Kd7
{[%clk 1:13:34]} 11. Nxa8 {[%clk 1:15:08]} Qxa8 {[%clk 1:11:10]} 12. Be2
{[%clk 1:10:28]} Na5 {[%clk 1:09:16]} 13. Ne5+ {[%clk 1:06:22]} Ke7
{[%clk 1:09:01]} 14. Qb4+ {[%clk 1:06:03]} Ke8 {[%clk 1:09:09]} 15. c5
{[%clk 1:03:28]} Bf8 {[%clk 1:08:01]} 16. Qb5+ {[%clk 1:00:17]} Kd8
{[%clk 1:07:09]} 17. Bg5 {[%clk 0:58:39]} Ke7 {[%clk 1:02:09]} 18. Qd7# 1-0

[Event "World Chess Olympiad 2018"]
[Site "Batumi"]
[Date "2018.10.01"]
[Round "7"]
[Board "2"]
[WhiteFideId "24613959"]
[White "Stratonowitsch Andre"]
[BlackFideId "2402076"]
[Black "Dempsey John"]
[Result "1-0"]
[LiveChessVersion "1.4.8"]
[BlackElo "1888"]
[WhiteElo "2138"]

1. e4 e6 {[%clk 1:30:49]} 2. d4 {[%clk 1:31:21]} d5 {[%clk 1:31:07]} 3. Nc3
{[%clk 1:31:45]} dxe4 {[%clk 1:31:30]} 4. Nxe4 {[%clk 1:31:49]} Nd7
{[%clk 1:31:51]} 5. c4 {[%clk 1:31:13]} Ngf6 {[%clk 1:32:02]} 6. Nc3
{[%clk 1:31:38]} Be7 {[%clk 1:28:07]} 7. Nf3 {[%clk 1:32:01]} O-O
{[%clk 1:27:54]} 8. Be2 {[%clk 1:29:07]} Re8 {[%clk 1:20:54]} 9. O-O
{[%clk 1:29:37]} c5 {[%clk 1:16:54]} 10. Qc2 {[%clk 1:26:19]} cxd4
{[%clk 1:16:32]} 11. Nxd4 {[%clk 1:26:35]} a6 {[%clk 1:16:46]} 12. Rd1
{[%clk 1:23:04]} Qc7 {[%clk 1:16:28]} 13. b3 {[%clk 1:17:21]} b6 {[%clk 1:10:00]}
14. Bf3 {[%clk 1:16:49]} Bb7 {[%clk 1:10:22]} 15. Bg5 {[%clk 1:12:49]} Rad8
{[%clk 1:03:31]} 16. Bh4 {[%clk 1:09:24]} Bxf3 {[%clk 0:57:50]} 17. Nxf3
{[%clk 1:09:33]} Rc8 {[%clk 0:44:27]} 18. Bg3 {[%clk 1:07:54]} Qb7
{[%clk 0:37:05]} 19. Qe2 {[%clk 1:00:52]} b5 {[%clk 0:33:52]} 20. Nd2
{[%clk 1:00:16]} Bb4 {[%clk 0:33:35]} 21. Nce4 {[%clk 0:54:13]} bxc4
{[%clk 0:32:06]} 22. Nxf6+ {[%clk 0:54:10]} Nxf6 {[%clk 0:32:27]} 23. Nxc4
{[%clk 0:54:30]} Rcd8 {[%clk 0:31:27]} 24. Nd6 {[%clk 0:49:23]} Bxd6
{[%clk 0:29:08]} 25. Bxd6 {[%clk 0:48:26]} Nd5 {[%clk 0:25:47]} 26. Be5
{[%clk 0:48:47]} f6 {[%clk 0:24:25]} 27. Bg3 {[%clk 0:45:23]} Nc3
{[%clk 0:24:13]} 28. Qc2 {[%clk 0:45:22]} Rxd1+ {[%clk 0:23:44]} 29. Rxd1
{[%clk 0:45:42]} Nxd1 {[%clk 0:24:08]} 30. Qxd1 {[%clk 0:46:09]} Qd5
{[%clk 0:24:07]} 31. Qe2 {[%clk 0:44:45]} Rc8 {[%clk 0:23:25]} 32. h4
{[%clk 0:44:44]} Rc1+ {[%clk 0:23:40]} 33. Kh2 {[%clk 0:45:09]} Qc6
{[%clk 0:23:34]} 34. Qd3 {[%clk 0:44:56]} Kf7 {[%clk 0:21:52]} 35. Qxh7
{[%clk 0:45:04]} Qd5 {[%clk 0:21:23]} 36. Qh8 {[%clk 0:40:50]} Qd1
{[%clk 0:17:12]} 37. Bf4 {[%clk 0:41:00]} Qg4 {[%clk 0:15:52]} 38. Bxc1
{[%clk 0:40:55]} 1-0